| 000 | 01335nam a2200313Ia 4500 | ||
|---|---|---|---|
| 001 | ebr10038777 | ||
| 003 | CaPaEBR | ||
| 006 | m u | ||
| 007 | cr cn||||||||| | ||
| 008 | 020605s2001 dcu s 000 0 eng d | ||
| 010 | _z 2002282862 | ||
| 020 | _z0309076439 | ||
| 040 |
_aCaPaEBR _cCaPaEBR |
||
| 035 | _a(OCoLC)52848685 | ||
| 050 | 1 | 4 |
_aTH215 _b.E447 2001eb |
| 082 | 0 | 4 |
_a725/.4 _221 |
| 245 | 0 | 0 |
_aEmerging information technologies for facilities owners _h[electronic resource] : _bresearch and practical applications : symposium proceedings / _c[Federal Facilities Council]. |
| 260 |
_aWashington, D.C. : _bNational Academy Press, _cc2001. |
||
| 300 | _a36 p. | ||
| 490 | 1 |
_aFederal Facilities Council technical report ; _vno. 144 |
|
| 533 |
_aElectronic reproduction. _bPalo Alto, Calif. : _cebrary, _d2009. _nAvailable via World Wide Web. _nAccess may be limited to ebrary affiliated libraries. |
||
| 650 | 0 |
_aConstruction industry _xData processing. |
|
| 650 | 0 | _aInformation technology. | |
| 650 | 0 | _aManagement information systems. | |
| 655 | 7 |
_aElectronic books. _2local |
|
| 710 | 2 | _aebrary, Inc. | |
| 830 | 0 |
_aTechnical report (Federal Facilities Council) ; _v#144. |
|
| 856 | 4 | 0 |
_uhttp://site.ebrary.com/lib/rucke/Doc?id=10038777 _zAn electronic book accessible through the World Wide Web; click to view |
| 999 |
_c164646 _d164646 |
||